[Event "15th TCh-CRO"]
[Site "Sibenik CRO"]
[Date "2006.10.01"]
[Round "10"]
[White "Kutuzovic,B"]
[Black "Georgiev,Ki"]
[Result "0-1"]
[WhiteElo "2324"]
[BlackElo "2685"]

1.e4 c5 2.Nf3 d6 3.d4 Nf6 4.Nc3 cxd4 5.Nxd4 g6 6.Be3 Bg7 7.f3 a6 8.Qd2 Nbd7
9.g4 b5 10.Nc6 Qc7 11.Nxe7 Bb7 12.Ned5 Bxd5 13.exd5 b4 14.Nd1 O-O 15.g5 Ne5
16.Be2 Nh5 17.Qxb4 Qxc2 18.Qd2 Qf5 19.O-O Rac8 20.Nc3 Nc4 21.Bxc4 Rxc4 22.Ne4 Be5
23.Qe2 Rb4 24.Rab1 Nf4 25.Qd2 Rfb8 26.Bxf4 Bxf4 27.Qg2 Kg7 28.Rfd1 a5 29.b3 Be5
30.Rd3 a4 31.Qd2 Qh3 32.Qg2 Qh4 33.Qe2 h6 34.gxh6+ Qxh6 35.Qd2 Qh4 36.Qf2 Bd4
37.Rxd4 Qxf2+ 38.Kxf2 Rxd4 39.Nxd6 Rd2+ 40.Ke3 Rxa2 41.b4 Ra3+ 42.Kd4 Rb3  0-1

[Event "VIII Dos Hermanas Internet"]
[Site "ICC INT"]
[Date "2007.03.23"]
[Round "1.1"]
[White "Lenderman,A"]
[Black "Georgiev,Ki"]
[Result "0-1"]
[WhiteElo "2420"]
[BlackElo "2661"]

1.e4 e5 2.Nf3 Nc6 3.Bb5 Nf6 4.d4 exd4 5.O-O Be7 6.e5 Ne4 7.Nxd4 O-O 8.Nf5 d5
9.exd6 Bxf5 10.dxe7 Nxe7 11.Qf3 Nd6 12.Bd3 Bxd3 13.Qxd3 Ng6 14.Nc3 Re8 15.Be3 Ne5
16.Qd1 Nec4 17.Bc1 c6 18.Qf3 Re6 19.b3 Ne5 20.Qh3 Qf6 21.Bb2 Qg6 22.f4 Ng4
23.Qd3 Qxd3 24.cxd3 f6 25.Rae1 Rae8 26.Rxe6 Rxe6 27.h3 Ne3 28.Re1 Re8 29.Kf2 Nef5
30.Rxe8+ Nxe8 31.Ne4 Kf7 32.Ba3 b6 33.g4 Nd4 34.Bb2 Nb5 35.Ke3 Nec7 36.a4 Nd5+
37.Kf3 Nbc7 38.Nd6+ Ke6 39.Nf5 g6 40.Nd4+ Kd7 41.Nc2 Ne6 42.f5 gxf5 43.gxf5 Nc5
44.Nd4 Nxd3 45.Ba1 c5 46.Ne6 Ke7 47.Ke4 N5b4 48.Bc3 Nf2+ 49.Kf3 Nxh3 50.Bxb4 cxb4
51.Nd4 Kd7 52.Nc2 a5 53.Ne3 Kd6 54.Ke4 Ng5+ 55.Kd4 Nf3+ 56.Kd3 Kc5 57.Ng2 Nd4
58.Nf4 Nxf5 59.Nh5 Nd6 60.Nxf6 h6 61.Nh5 Nf5 62.Kc2 Nd4+ 63.Kb2 Kd5 64.Nf6+ Ke6
65.Ne4 h5 66.Nf2 h4  0-1

[Event "VIII Dos Hermanas Internet"]
[Site "ICC INT"]
[Date "2007.03.23"]
[Round "2.1"]
[White "Amonatov,F"]
[Black "Georgiev,Ki"]
[Result "0-1"]
[WhiteElo "2559"]
[BlackElo "2661"]

1.e4 e5 2.Nf3 Nc6 3.Bb5 Nf6 4.d3 Bc5 5.Nc3 d6 6.Na4 Bb6 7.Nxb6 axb6 8.c3 O-O
9.Ba4 Ne7 10.O-O Ng6 11.Bc2 Re8 12.Re1 h6 13.h3 b5 14.a4 bxa4 15.Rxa4 Rxa4
16.Bxa4 Bd7 17.Bc2 Bc6 18.c4 b6 19.b4 Qd7 20.Be3 b5 21.cxb5 Bxb5 22.Bb3 d5
23.Qb1 c6 24.Rd1 Qb7 25.Bc5 Nf4 26.exd5 cxd5 27.Qc2 d4 28.Ne1 N6d5 29.Ra1 Ra8
30.Rxa8+ Qxa8 31.Qa2 Qb7 32.Bc4 Nc3 33.Qb3 Bc6 34.f3 Qd7 35.Qa3 Ba4 36.Bb3 Bxb3
37.Qxb3 Nfd5 38.Nc2 Qf5 39.Qc4 Qf4 40.Qb3 Qc1+ 41.Kf2 Qd2+ 42.Kf1 Nf4  0-1

[Event "VIII Dos Hermanas Internet"]
[Site "ICC INT"]
[Date "2007.03.24"]
[Round "3.1"]
[White "Sammour Hasbun,J"]
[Black "Georgiev,Ki"]
[Result "1-0"]
[WhiteElo "2449"]
[BlackElo "2661"]

1.d4 Nf6 2.c4 e6 3.g3 d5 4.Nf3 Bb4+ 5.Nbd2 c5 6.dxc5 Nc6 7.cxd5 exd5 8.Bg2 Bxc5
9.O-O O-O 10.Nb3 Bb6 11.Nfd4 Re8 12.e3 Bg4 13.Qd3 Ne5 14.Qb1 Qd7 15.Re1 Nc4
16.Bd2 Ne4 17.Bc3 Nxc3 18.bxc3 Rac8 19.a4 a6 20.a5 Ba7 21.Qd3 Ne5 22.Qd2 Red8
23.Rab1 Nc4 24.Qd3 Ne5 25.Qd2 Rc4 26.Nc1 Rdc8 27.Nce2 Ra4 28.Nf4 Rxa5 29.h3 Be6
30.e4 dxe4 31.Nfxe6 fxe6 32.Bxe4 Rc7 33.Bg2 Nc4 34.Qe2 Re5 35.Qg4 Bxd4 36.cxd4 Rxe1+
37.Rxe1 Nd6 38.Rxe6 Qd8 39.Qf4 Rd7 40.h4 h6 41.Kh2 Qf8 42.Qe3 Nf5 43.Qe1 Re7
44.d5 Kh8 45.Qe5 Rxe6 46.dxe6 Ne7 47.f4 b5 48.Bb7 a5 49.Qxb5 Qd8 50.Qd7 Qf8
51.Be4 g6 52.Qd4+ Qg7 53.Qd8+ Kh7 54.h5 Qf6 55.hxg6+ Kg7 56.Qxa5 Qxe6 57.Qa1+ Qf6
58.Qxf6+ Kxf6 59.f5 Kg7 60.g4 Kf6 61.Kg3 Nc8 62.Kf4 Nd6 63.Bf3 Ne8 64.Ke3 Ng7
65.Kd4 h5 66.gxh5 Nxf5+ 67.Ke4 Nh6 68.Kf4 Nf5 69.Be4 Nh6 70.Bd3 Ng8 71.Bb5 Nh6
72.Bd7 Ng8 73.Bg4 Nh6 74.Be2 Ng8 75.Ke4 Nh6 76.Kd5 Ng8 77.Kd6 Nh6 78.Kd7 Ng8
79.Ke8 Kg7 80.Bf3 Nf6+ 81.Ke7 Ng8+ 82.Ke6 Nf6 83.Kf5 Ng8 84.Kg5 Nh6 85.Bd5 Kh8
86.Bc4 Kg7 87.Bb3 Kh8 88.Be6 Kg7 89.Bd7 Ng8 90.Be6 Nh6 91.Bh3 Ng8 92.Be6 Nh6
93.Bd5 Kh8 94.Kf6 Ng4+ 95.Kf7 Nh6+ 96.Kf8 Nf5 97.h6 Nxh6 98.g7+ Kh7 99.Be4+  1-0

[Event "VIII Dos Hermanas Internet"]
[Site "ICC INT"]
[Date "2007.03.24"]
[Round "3.3"]
[White "Sammour Hasbun,J"]
[Black "Georgiev,Ki"]
[Result "1/2-1/2"]
[WhiteElo "2449"]
[BlackElo "2661"]

1.e4 c5 2.c3 d5 3.exd5 Qxd5 4.d4 Nf6 5.Nf3 e6 6.Na3 Be7 7.Be2 O-O 8.O-O Nc6
9.dxc5 Qxc5 10.Be3 Qf5 11.Nc2 Rd8 12.Nfd4 Nxd4 13.Nxd4 Qa5 14.Qb3 Bd7 15.Bf3 Rab8
16.c4 Ba4 17.Qd3 Bc5 18.Nb3 Rxd3 19.Nxa5 Bxe3 20.fxe3 b6 21.Bc6 bxa5 22.Bxa4 Rxb2
23.Rab1 Rdd2 24.Rxb2 Rxb2 25.c5 Rxa2 26.Rd1 g5 27.Bb3 Rb2 28.c6 Rxb3 29.c7 Rc3
30.Rd8+ Kg7 31.c8=Q Rxc8 32.Rxc8 Ng4 33.e4 Nf6 34.Rc4 Nd7 35.Ra4 Nc5 36.Rxa5 Nxe4
37.Re5 f5 38.Rxe6 a5 39.Ra6 h5 40.Rxa5 Kg6 41.Ra6+ Nf6 42.g3 g4 43.Kf2 Kg5
44.Ra5 Ne4+ 45.Ke3 Nf6 46.Ra7 Ne4 47.Ra4 Nf6 48.Ra5 Nd7 49.Kd4 Nf6 50.Ke5 Ne4
51.Ra8 Nd2 52.Rg8+ Kh6 53.Kxf5 Nf1 54.Kf6 Kh7 55.Rg5 Kh6 56.Rg8 Kh7 57.Rg5 Kh6
58.Rg8 Kh7 59.Rg5  1/2-1/2

[Event "Gorenje GM"]
[Site "Valjevo SRB"]
[Date "2007.06.21"]
[Round "9"]
[White "Damljanovic,B"]
[Black "Georgiev,Ki"]
[Result "0-1"]
[WhiteElo "2585"]
[BlackElo "2660"]

1.Nf3 Nf6 2.c4 e6 3.g3 a6 4.Bg2 b5 5.b3 c5 6.Nc3 Qb6 7.e4 d6 8.d4 Bb7 9.d5 e5
10.O-O g6 11.Qe2 Bg7 12.Nd2 b4 13.Na4 Qd8 14.f4 Nbd7 15.Bb2 Qe7 16.Rae1 h5
17.Nf3 Bh6 18.fxe5 dxe5 19.Bc1 Bxc1 20.Rxc1 O-O 21.Ne1 Rac8 22.Nd3 Rc7 23.h3 a5
24.Qe3 Kg7 25.Rc2 Bc8 26.Bf3 Nh7 27.h4 Nhf6 28.Rcf2 Qd6 29.Bd1 Ng8 30.g4 hxg4
31.Bxg4 Ndf6 32.Bd1 Bg4 33.Rg2 Bxd1 34.Rxd1 Nh6 35.Qf3 Kh7 36.Rf1 Nh5 37.Qe3 Rfc8
38.Qg5 Re8 39.Kh1 Ree7 40.Rff2 Re8 41.Naxc5 Rxc5 42.Nxc5 Nf4 43.Na4 f6 44.Qg3 f5
45.c5 Qf6 46.Qg5 Qf7 47.d6 fxe4 48.c6 e3 49.Rf1 e2 50.Re1 Qd5 51.d7 Rg8 52.Rxe2 Nxe2
53.Qe7+ Nf7 54.Nb6 Qf3 55.Kh2 Nf4 56.Qxf7+ Rg7 57.Qd5 Nxd5 58.d8=Q Nf4 59.Rc2 Qh3+
60.Kg1 Rf7 61.Qd1 Qg3+ 62.Kh1 Nd3  0-1

[Event "Sozina Open"]
[Site "Bar MNE"]
[Date "2008.03.29"]
[Round "1"]
[White "Dragojlovic,A"]
[Black "Georgiev,Ki"]
[Result "0-1"]
[WhiteElo "2377"]
[BlackElo "2662"]

1.Nf3 Nf6 2.g3 d5 3.Bg2 c6 4.O-O Bg4 5.d3 Nbd7 6.Nbd2 e5 7.e4 dxe4 8.dxe4 Be7
9.h3 Bh5 10.Qe2 O-O 11.a4 a5 12.Rd1 Qc7 13.b3 Nc5 14.Bb2 Nfd7 15.Nc4 f6 16.Ne3 Rfd8
17.Ba3 Kh8 18.Nf5 Bf8 19.Qe3 b5 20.g4 Bg6 21.Bf1 b4 22.Bb2 Ne6 23.N3h4 Be8
24.Ng2 g6 25.Ng3 Bc5 26.Qe1 Nd4 27.Bxd4 Bxd4 28.Rab1 Nc5 29.Ne3 Ne6 30.Kh2 Bc3
31.Rxd8 Rxd8 32.Qe2 Rd2 33.Qf3 Qd8 34.Bd3 Ng7 35.Qg2 Bd4 36.Ngf1 Bxe3 37.Nxe3 Bf7
38.h4 Ne6 39.Qg3 Qd4 40.g5 fxg5 41.hxg5 Nf4 42.Qf3 Be6 43.Kg3 Qd8  0-1

[Event "Sozina Open"]
[Site "Bar MNE"]
[Date "2008.03.30"]
[Round "3"]
[White "Certic,B"]
[Black "Georgiev,Ki"]
[Result "0-1"]
[WhiteElo "2377"]
[BlackElo "2662"]

1.e4 c6 2.Nc3 d5 3.Qe2 d4 4.Nd1 c5 5.d3 Nc6 6.f4 e5 7.g3 Bd6 8.a3 Nf6 9.Bh3 b5
10.Nf2 Ba6 11.Nf3 c4 12.O-O Nd7 13.Ng4 O-O 14.Ngxe5 Ndxe5 15.fxe5 Nxe5 16.Nxe5 Bxe5
17.Bf4 Re8 18.Bxe5 Rxe5 19.Qf2 f6 20.Rfd1 c3 21.bxc3 dxc3 22.Rdb1 Qa5 23.Rb4 Bc8
24.Bg2 Rb8 25.d4 Re7 26.Qe3 Rc7 27.e5 Bf5 28.Qf2 Bg6 29.Bd5+ Kh8 30.Bb3 Qb6
31.d5 Qxf2+ 32.Kxf2 a5 33.d6 Rd7 34.Rxb5 Rxb5 35.Ba4 Rbb7 36.Bxd7 Rxd7 37.Rb1 h5
38.Rb8+ Kh7 39.exf6  0-1

[Event "Sozina Open"]
[Site "Bar MNE"]
[Date "2008.03.31"]
[Round "4"]
[White "Georgiev,Ki"]
[Black "Milanovic,Da"]
[Result "1-0"]
[WhiteElo "2662"]
[BlackElo "2510"]

1.d4 Nf6 2.Nf3 c5 3.d5 b5 4.c4 b4 5.a3 g6 6.Nbd2 Bg7 7.e4 O-O 8.Bd3 d6 9.O-O Nbd7
10.axb4 cxb4 11.Nb3 a5 12.Be3 Bb7 13.Qd2 Ng4 14.Bd4 Bxd4 15.Nfxd4 Qb6 16.Ra4 Ra7
17.Rfa1 Rfa8 18.h3 Nge5 19.Bf1 Nc5 20.Nxc5 Qxc5 21.Nb3 Qc7 22.Qd4 Nd7 23.Rxb4 Bxd5
24.Rxa5 Rxa5 25.Nxa5 Bxe4 26.Qxe4 Qxa5 27.Rb5 Qd8 28.b4 Ra7 29.g3 Rc7 30.Bg2 Nf6
31.Qd4 Qc8 32.c5 dxc5 33.bxc5 h5 34.c6 Ne8 35.Rb6 Nd6 36.Qb4 Qd8 37.h4 Kh7
38.Ra6 Ne8 39.Bf3 Nd6 40.Kh2 Nf5 41.Bg2 Qd4 42.Qe1 Ra7 43.Rxa7 Qxa7 44.Qd2 Nd6
45.Qf4 Qc5 46.Kg1 Kg7 47.Qd2 e5 48.Qb2 Nb5 49.Qa2 Nc7 50.Qd2 Qd4 51.Qxd4 exd4
52.Kf1 Kf6 53.Ke2 Ke5 54.Kd3 Ne6 55.Kc4 Kd6 56.Bh1 Ke5 57.f4+ Kd6 58.Be4 Kc7
59.Kd5 Nd8 60.Kxd4 Kd6 61.Bd5 f6 62.Ke4 Nxc6 63.Bxc6 Kxc6 64.f5 g5 65.g4 Kd6
66.gxh5  1-0

[Event "Sozina Open"]
[Site "Bar MNE"]
[Date "2008.04.02"]
[Round "6"]
[White "Georgiev,Ki"]
[Black "Romanishin,O"]
[Result "1-0"]
[WhiteElo "2662"]
[BlackElo "2528"]

1.Nf3 d5 2.d4 Nf6 3.c4 dxc4 4.e3 Bg4 5.Bxc4 e6 6.Nc3 a6 7.h3 Bh5 8.g4 Bg6
9.Ne5 Nbd7 10.Nxg6 hxg6 11.Bf1 c6 12.Bg2 Qc7 13.O-O Nd5 14.f4 f5 15.e4 Nxc3
16.bxc3 O-O-O 17.e5 Nc5 18.Qe2 Ne4 19.Bxe4 fxe4 20.Kg2 Qa5 21.Bb2 Ba3 22.Rab1 Bxb2
23.Qxb2 Rd7 24.Rbe1 Qd5 25.Qb3 Rhd8 26.Kg3 Rc7 27.f5 gxf5 28.gxf5 exf5 29.Rxf5 Rh8
30.Ref1 Qd8 31.Qe6+ Kb8 32.R1f4 e3 33.h4 e2 34.Kf2 Rxh4 35.Kxe2 Rh2+ 36.Kd3 Rh3+
37.Kc2 Rh8 38.Rf7 g5 39.R4f6 Rxf7 40.Rxf7 g4 41.Rg7 Rh2+ 42.Kd3 Rh3+ 43.Ke4 Qh4
44.Qd6+ Ka7 45.Qc5+ Kb8 46.Rg8+ Kc7 47.Qd6+ Kb6 48.Qb4+  1-0

[Event "17th Open"]
[Site "Kavala GRE"]
[Date "2008.08.02"]
[Round "4"]
[White "Georgiev,Ki"]
[Black "Janssen,Ru"]
[Result "1/2-1/2"]
[WhiteElo "2671"]
[BlackElo "2503"]

1.d4 d5 2.Nf3 Nf6 3.c4 c6 4.e3 a6 5.Qc2 g6 6.Nc3 Bg7 7.Bd3 O-O 8.O-O Nbd7
9.Bd2 dxc4 10.Bxc4 Nb6 11.Bb3 Bf5 12.e4 Bg4 13.Be3 Bxf3 14.gxf3 e6 15.Rad1 Rc8
16.Qe2 Nh5 17.f4 Kh8 18.Kh1 Re8 19.Qf3 Nd7 20.Rg1 Qa5 21.Rg5 Qb4 22.e5 f5
23.Rdg1 Qe7 24.Qh3 Qf7 25.Bd1 Bh6 26.Rxh5 gxh5 27.Bxh5 Qf8 28.Bxe8 Rxe8 29.Qh5 Bg7
30.Na4 Kg8 31.a3 Qf7 32.Qg5 Kh8 33.h3 h6 34.Qh4 Kh7 35.Bd2 Bf8 36.Qg3 b5
37.Nc3 Nb6 38.Qf3 Rc8 39.Kh2 Be7 40.Be3 Nc4 41.Qe2 Rg8 42.Rb1 Qe8 43.a4 Bb4
44.axb5 cxb5 45.Qf3 Bxc3 46.bxc3 Qa8 47.Qxa8 Rxa8 48.Kg2 Rb8 49.Kf3  1/2-1/2

[Event "Elektroprivreda Day Rapid"]
[Site "Niksic MNE"]
[Date "2008.08.21"]
[Round "1.3"]
[White "Georgiev,Ki"]
[Black "Cabrilo,G"]
[Result "1/2-1/2"]
[WhiteElo "2671"]
[BlackElo "2484"]

1.d4 Nf6 2.Nf3 d6 3.c4 Nbd7 4.Nc3 g6 5.g3 Bg7 6.Bg2 O-O 7.O-O e5 8.h3 c6
9.e4 a6 10.dxe5 dxe5 11.Be3 Qe7 12.Qc2 Ne8 13.c5 Nc7 14.Rad1 Ne6 15.Na4 f5
16.exf5 gxf5 17.Rfe1 e4 18.Nd4 Nxd4 19.Bxd4 Ne5 20.Nb6 Rb8 21.Qc3 Rf7 22.b4 h5
23.h4 Ng4 24.Nc4 Be6 25.Nd6 Bxd4 26.Qxd4 Rg7 27.f3 Nh6 28.Qe3 Kh7 29.fxe4 Rbg8
30.exf5 Rxg3 31.Qxh6+ Kxh6 32.Rxe6+ Qxe6 33.fxe6 Rxg2+ 34.Kf1 Rg1+ 35.Ke2 R8g2+
36.Kf3 Rg3+ 37.Kf2 R3g2+ 38.Kf3  1/2-1/2

[Event "Elektroprivreda Day Rapid"]
[Site "Niksic MNE"]
[Date "2008.08.21"]
[Round "1.2"]
[White "Cabrilo,G"]
[Black "Georgiev,Ki"]
[Result "1/2-1/2"]
[WhiteElo "2484"]
[BlackElo "2671"]

1.e4 c6 2.d4 d5 3.exd5 cxd5 4.c4 Nf6 5.Nc3 Nc6 6.Bg5 dxc4 7.Bxc4 Qxd4 8.Qxd4 Nxd4
9.O-O-O e5 10.f4 Bg4 11.Nf3 Bxf3 12.gxf3 Rc8 13.fxe5 Rxc4 14.exf6 g6 15.Rhe1+ Ne6
16.Kb1 h6 17.Be3 Bb4 18.f4 Bxc3 19.bxc3 b6 20.Kb2 h5 21.Rd5 Re4 22.f5 gxf5
23.Rxf5 Kd7 24.Bf2 Rxe1 25.Bxe1 h4 26.h3 Rg8 27.Rf2 Rg1 28.Rd2+ Kc6 29.Bxh4 Rh1
30.Rd3 Rh2+ 31.Ka3 Nf4 32.Rf3 Ng6 33.Bg5 Ne5 34.Rg3 Nc4+ 35.Kb3 Na5+ 36.Ka3 Nc4+
37.Kb3 Na5+ 38.Ka3 Kb5 39.Bc1 Nc4+ 40.Kb3 Na5+ 41.Ka3 Rc2 42.Rg5+ Kc6 43.Rg1 Rxc3+
44.Kb2 Rxh3 45.Rg7 Nc4+ 46.Kc2 Rh2+ 47.Kb3 Nd6 48.Bf4 Rh3+ 49.Kc2 Rf3 50.Bxd6 Kxd6
51.Rxf7 a5 52.Rb7 Ke5  1/2-1/2

[Event "Elektroprivreda Day Rapid"]
[Site "Niksic MNE"]
[Date "2008.08.21"]
[Round "1.1"]
[White "Georgiev,Ki"]
[Black "Cabrilo,G"]
[Result "1-0"]
[WhiteElo "2671"]
[BlackElo "2484"]

1.d4 Nf6 2.c4 g6 3.Nc3 Bg7 4.e4 d6 5.Nf3 O-O 6.h3 c5 7.d5 e6 8.Bd3 Na6 9.Bg5 Nc7
10.Qd2 exd5 11.cxd5 b5 12.O-O Rb8 13.Rfe1 b4 14.Ne2 Qd7 15.Ng3 Nfe8 16.Rad1 f6
17.Bf4 Ba6 18.Bb1 Bb5 19.h4 Qf7 20.h5 Bd7 21.Nh2 Nb5 22.Rc1 Nd4 23.hxg6 hxg6
24.Rxc5 dxc5 25.Bxb8 f5 26.Bxa7 fxe4 27.Bxc5  1-0

[Event "Elektroprivreda Day Rapid"]
[Site "Niksic MNE"]
[Date "2008.08.22"]
[Round "3.2"]
[White "Miladinovic,I"]
[Black "Georgiev,Ki"]
[Result "1/2-1/2"]
[WhiteElo "2571"]
[BlackElo "2671"]

1.d4 d5 2.Bg5 h6 3.Bh4 c6 4.Nf3 Qb6 5.Qc1 Bf5 6.e3 e6 7.c4 Be7 8.Bg3 Nf6
9.Nc3 Nbd7 10.Be2 O-O 11.O-O dxc4 12.Nd2 a6 13.Nxc4 Qa7 14.Bh4 Rfe8 15.Rd1 b5
16.Ne5 Nxe5 17.dxe5 Nd5 18.Bxe7 Qxe7 19.Bf3 Bg6 20.Ne2 Rac8 21.Qd2 c5 22.Qa5 Nb4
23.Nf4 Bh7 24.a3 Nc6 25.Bxc6 Rxc6 26.Rd2 Qc7 27.Qxc7 Rxc7 28.Rd6 c4 29.Rxa6 Rc5
30.Rd1 Rxe5 31.Rd7 Bc2 32.h4 g5 33.Nh5 Rc8 34.Raa7 Bg6 35.Nf6+ Kg7 36.h5 Kxf6
37.hxg6 Kxg6 38.Rxf7 c3 39.bxc3 Rxc3 40.g4 Re4 41.f4 gxf4 42.exf4 e5 43.Rg7+ Kf6
44.Raf7+ Ke6 45.Re7+  1/2-1/2

[Event "TCh-MNE Premier"]
[Site "Herceg Novi MNE"]
[Date "2008.08.26"]
[Round "2"]
[White "Georgiev,Ki"]
[Black "Pikula,D"]
[Result "1-0"]
[WhiteElo "2671"]
[BlackElo "2564"]

1.d4 d5 2.c4 c6 3.Nf3 Nf6 4.e3 Bg4 5.h3 Bxf3 6.Qxf3 e6 7.Nc3 Nbd7 8.Bd2 Bb4
9.Bd3 O-O 10.O-O dxc4 11.Bxc4 e5 12.Rad1 Qe7 13.Bb3 Bd6 14.dxe5 Qxe5 15.g3 Nc5
16.Bc2 Rad8 17.Bc1 Bc7 18.a3 Qe6 19.Bf5 Qc4 20.Bb1 Qe6 21.b4 Qb3 22.Bd2 Nd3
23.Qe2 Ne5 24.f4 Rxd2 25.Qxd2 Nc4 26.Qc1 Nxa3 27.Rd3 Qxb4 28.Na2 Qxb1 29.Qxb1 Nxb1
30.Rxb1 Ne4 31.Rxb7 Nc5 32.Rxa7 Bb6 33.Rda3 Bxa7 34.Rxa7 f5 35.Nb4 Ne4 36.Nxc6 Nxg3
37.Ne7+ Kh8 38.Kg2 Nh5 39.Nxf5 g5 40.Ng3 Nxg3 41.Kxg3 gxf4+ 42.exf4 Rg8+
43.Kh4 Rg1 44.Kh5 Kg8 45.f5 Rb1 46.Kg5 Rb6 47.Re7 Ra6 48.h4 Rb6 49.h5 h6+
50.Kf4 Rb1 51.Ke5 Rh1 52.Ke6 Kf8 53.Ra7 Rf1 54.Kf6 Kg8 55.Rg7+ Kh8 56.Re7 Kg8
57.Kg6 Kf8 58.Rf7+ Kg8 59.Rg7+ Kf8 60.Ra7 Rf2 61.Ra8+ Ke7 62.Ra7+ Kf8 63.Rf7+ Kg8
64.Rf6 Rf1 65.Kxh6 Rf2 66.Kg6 Rg2+ 67.Kh6 Rf2 68.Kg5 Rg2+ 69.Kf4 Kh7 70.Re6 Rf2+
71.Kg5 Rg2+ 72.Kf6 Kh6 73.Kf7+ Kh7 74.f6 Ra2 75.Kf8 Ra8+ 76.Re8 Ra6 77.f7 Ra7
78.Re6  1-0

[Event "TCh-SRB 1st League"]
[Site "Subotica SRB"]
[Date "2008.09.11"]
[Round "10"]
[White "Georgiev,Ki"]
[Black "Ivanisevic,I"]
[Result "0-1"]
[WhiteElo "2671"]
[BlackElo "2664"]

1.d4 Nf6 2.c4 e6 3.Nf3 c5 4.d5 d6 5.Nc3 g6 6.e4 Bg7 7.Bd3 O-O 8.h3 Na6 9.Bg5 h6
10.Be3 exd5 11.exd5 Nb4 12.Bb1 b5 13.a3 Qa5 14.O-O bxc4 15.Qd2 Nd3 16.Bxh6 Rb8
17.Bxg7 Kxg7 18.Bxd3 cxd3 19.b4 Qa6 20.b5 Qa5 21.Qxd3 Bf5 22.Qd2 Rfe8 23.Rfc1 a6
24.a4 Qb4 25.bxa6 Ne4 26.Nxe4 Bxe4 27.a7 Rb7 28.Qxb4 Rxb4 29.Ng5 Bd3 30.Ra3 c4
31.Nf3 Ra8 32.Nd4 Rxa7 33.Rca1 Ra6 34.f3 Kf6 35.Nb5 Ke5 36.Kf2 Rb2+ 37.Kg3 Ra5
38.Nc3 Kd4 39.h4 Rb3 40.Nb5+ Kxd5 41.R3a2 Kc5 42.Kf4 d5 43.g4 d4 44.Re1 f6
45.g5 fxg5+ 46.hxg5 c3 47.Re5+ Kc4 48.Nxd4 Kxd4 49.Rxa5 c2 50.Rxc2 Bxc2 51.Ra7 Kd5
52.a5 Bd3 53.Ra8 Ra3 54.Rd8+ Ke6 55.Ra8 Bb5 56.Rf8 Ke7 57.Rb8 Ra4+ 58.Ke3 Rxa5
59.f4 Bc6 60.Rb6 Kd6 61.Rb8 Ra3+ 62.Ke2 Bf3+ 63.Kf2 Be4 64.Ke2 Bf5 65.Kf2 Kd5
66.Re8 Kd4 67.Re7 Be4 68.Rd7+ Bd5 69.Rd6 Rf3+ 70.Kg1 Rxf4 71.Kh2 Rg4 72.Rxg6 Ke3
73.Rb6 Kf2 74.Rb2+ Kf3 75.Kh3 Be6 76.Kh2 Rh4+ 77.Kg1 Bd5 78.Rh2 Rg4+ 79.Kf1 Kg3
80.Rd2 Bf3 81.Rd3 Re4 82.g6 Re7 83.g7 Rxg7 84.Ke1 Rc7 85.Kd2 Kf4 86.Rc3 Rh7
87.Kd3 Be4+ 88.Kd4 Rd7+ 89.Kc4 Ke5 90.Kc5 Rd8 91.Rc4 Bd3 92.Rc3 Rd5+ 93.Kb6 Kd4
94.Rc7 Bc4 95.Rc6 Rd7 96.Rc7 Rd8 97.Re7 Rd6+ 98.Kc7 Kc5 99.Re5+ Bd5 100.Re7 Be6
101.Kb7 Rb6+ 102.Kc7 Rc6+ 103.Kb7 Bc8+ 104.Kb8 Kd6 105.Rg7 Rc5 106.Rg6+ Be6
107.Rg7 Rf5 108.Ka7 Kc6 109.Rg6 Ra5+ 110.Kb8 Re5 111.Rh6 Rb5+ 112.Ka7 Rb7+
113.Ka6 Re7 114.Rh8 Kc5 115.Rh5+ Bd5 116.Rg5 Re8 117.Rg7 Rb8 118.Re7 Rb3
119.Ka7 Rb1 120.Rc7+ Bc6 121.Re7 Ra1+ 122.Kb8 Kd6 123.Ra7 Rb1+ 124.Kc8 Re1  0-1

[Event "17th CRO-chT 1a"]
[Site "Sibenik CRO"]
[Date "2008.09.27"]
[Round "1"]
[White "Stevic,H"]
[Black "Georgiev,Ki"]
[Result "1/2-1/2"]
[WhiteElo "2588"]
[BlackElo "2671"]

1.e4 e5 2.Nf3 Nc6 3.d4 exd4 4.Nxd4 Bc5 5.Nxc6 Qf6 6.Qf3 dxc6 7.Bc4 Qxf3 8.gxf3 Ne7
9.h4 Ng6 10.h5 Ne5 11.Be2 f5 12.f4 Ng4 13.Bxg4 fxg4 14.Be3 Bb4+ 15.c3 Bd6
16.f5 b6 17.Nd2 Ba6 18.Rg1 O-O-O 19.Rxg4 g6 20.fxg6 hxg6 21.h6 Bc5 22.Bg5 Rd7
23.Rg2 Bf8 24.O-O-O Bxh6 25.Rh1 Rxd2 26.Rxh6 Rxh6 27.Kxd2 Rh1 28.Bf4 Rb1
29.Kc2 Re1 30.Be3 Re2+ 31.Kb3 Bd3 32.Rxg6 Bxe4 33.Rg7 a5 34.Bf4 Bc2+ 35.Ka3 Re4
36.Rxc7+ Kd8 37.b4 Rxf4 38.Rxc6 axb4+ 39.cxb4 Rxf2 40.Rxb6 Bb1 41.Rc6 Kd7
42.Rc1 Bxa2 43.b5 Bd5 44.Kb4 Kd6 45.Ka5 Ra2+ 46.Kb6 Ra8 47.Rc2 Rb8+ 48.Ka5 Be4
49.Rc3 Kd5 50.Rc7 Ra8+ 51.Kb6 Kd6 52.Rc3 Ra1 53.Rc8 Kd7 54.Rc7+ Kd6 55.Rc8 Rb1
56.Rd8+ Ke7 57.Rd2 Bf5 58.Kc6 Rc1+ 59.Kb7 Be4+ 60.Ka7 Ra1+ 61.Kb6 Bf5 62.Kc7 Rc1+
63.Kb7 Ke6 64.b6 Be4+ 65.Kb8 Bc6 66.b7 Bd5 67.Rb2 Kd6 68.Ka7 Rc7 69.Ka6 Rxb7  1/2-1/2

[Event "38th Olympiad"]
[Site "Dresden GER"]
[Date "2008.11.22"]
[Round "9"]
[White "Hillarp Persson,T"]
[Black "Georgiev,Ki"]
[Result "1-0"]
[WhiteElo "2543"]
[BlackElo "2645"]

1.d4 d5 2.c4 c6 3.e3 Nf6 4.Bd3 e5 5.Nc3 e4 6.Bc2 Bd6 7.f3 exf3 8.Nxf3 dxc4
9.e4 Be7 10.O-O Bg4 11.Kh1 Na6 12.a3 Nc7 13.Be3 O-O 14.Qe2 b5 15.Rad1 Bh5
16.d5 cxd5 17.exd5 Re8 18.Qd2 Qd7 19.Bf4 Bd6 20.Bg5 Ng4 21.Ne4 f6 22.h3 Ne5
23.Nxf6+ gxf6 24.Bxf6 Bg6 25.Nxe5 Bxe5 26.Bxg6 hxg6 27.Qg5 Bxf6 28.Rxf6 Re7
29.d6 Rg7 30.Rxg6 Rxg6 31.Qxg6+ Qg7 32.Qxg7+ Kxg7 33.dxc7 Rc8 34.Rd5 a6 35.Rc5 Kf6
36.a4 Ke6 37.axb5 axb5 38.Kh2 Kd6 39.Rxb5 Rxc7 40.h4 Ke6 41.Kh3 Kf6 42.Rb6+ Ke5
43.h5 Kf5 44.g4+ Kg5 45.Rb5+ Kh6 46.Kh4  1-0

[Event "World Chess Open"]
[Site "Leon ESP"]
[Date "2010.01.02"]
[Round "3"]
[White "Vuilleumier,A"]
[Black "Georgiev,Ki"]
[Result "0-1"]
[WhiteElo "2332"]
[BlackElo "2672"]

1.e4 e5 2.Nf3 Nc6 3.d4 exd4 4.Nxd4 Bc5 5.Be3 Qf6 6.c3 Nge7 7.Bc4 O-O 8.O-O Bb6
9.Nc2 d6 10.Nba3 Be6 11.Bxb6 axb6 12.Ne3 Ra5 13.f4 Rxa3 14.bxa3 Qxc3 15.Qd3 Qxd3
16.Bxd3 Ra8 17.Nc2 f6 18.Rf3 Ra5 19.Kf2 g6 20.Ke3 Kg7 21.Kd2 Bf7 22.Kc3 Nd8
23.Kb2 Ne6 24.Bc4 Nc5 25.Bxf7 Kxf7 26.Re1 Nc6 27.Rh3 Kg7 28.Rhe3 Ra4 29.g3 Na5
30.Rc3 Nc4+ 31.Ka1 b5 32.Re2 c6 33.h4 Ra8 34.Ne3 Nxe4 35.Nxc4 Nxc3 36.Re7+ Kf8
37.Rxh7  0-1

[Event "2nd Kirov Memorial Open"]
[Site "Blagoevgrad BUL"]
[Date "2010.01.15"]
[Round "7"]
[White "Georgiev,Ki"]
[Black "Rusev,K"]
[Result "1/2-1/2"]
[WhiteElo "2672"]
[BlackElo "2547"]

1.d4 d5 2.c4 c6 3.Nf3 Nf6 4.e3 Bf5 5.Nc3 e6 6.Nh4 Be4 7.f3 Bg6 8.Qb3 Qc7
9.Bd2 Be7 10.O-O-O dxc4 11.Bxc4 b5 12.Be2 a6 13.Nxg6 hxg6 14.e4 c5 15.d5 c4
16.Qc2 e5 17.g4 Bd6 18.h4 Nbd7 19.Kb1 Rb8 20.Rdg1 Ke7 21.Nd1 Nc5 22.Ne3 a5
23.h5 a4 24.hxg6 fxg6 25.g5 Nh5 26.Ng4 Nd7 27.f4 Nxf4 28.Bxf4 exf4 29.e5 Nxe5
30.Qe4 Rxh1 31.Rxh1 Re8 32.Bf3 b4 33.Nxe5 Bxe5 34.d6+ Kxd6 35.Rd1+ Ke7 36.Bg4 Rd8
37.Re1 Rd2 38.Qxe5+ Qxe5 39.Rxe5+ Kd6 40.Re4 Rg2 41.Rxf4 Kc5 42.Be6 Rg1+
43.Kc2 b3+ 44.axb3 cxb3+ 45.Kc3 Rg3+ 46.Kd2 Rg2+ 47.Kd3 Rg3+ 48.Kd2 Rg2+
49.Ke3 Rxb2 50.Rxa4 Rg2 51.Kf4 b2 52.Ba2 Rg1 53.Rc4+ Kb5 54.Rc8 Kb4 55.Rb8+ Ka3
56.Ra8+ Kb4 57.Rb8+ Ka3 58.Ra8+ Kb4  1/2-1/2

[Event "2nd Kirov Memorial Open"]
[Site "Blagoevgrad BUL"]
[Date "2010.01.16"]
[Round "8"]
[White "Grigorov,G"]
[Black "Georgiev,Ki"]
[Result "1-0"]
[WhiteElo "2508"]
[BlackElo "2672"]

1.d4 d5 2.Nf3 Nf6 3.c4 e6 4.Nc3 dxc4 5.e3 a6 6.a4 b6 7.Bxc4 Bb7 8.O-O Bb4
9.Qe2 O-O 10.Rd1 Qe7 11.Bd3 c5 12.dxc5 Bxc5 13.h3 Nc6 14.e4 e5 15.Bg5 Nb4
16.Bc4 h6 17.Bh4 Rad8 18.Rxd8 Rxd8 19.Rd1 Rxd1+ 20.Qxd1 g5 21.Bg3 Bd6 22.Nd2 Kg7
23.Bb3 Bc5 24.Nc4 Bd4 25.Ne2 Nxe4 26.Nxd4 Nxg3 27.Nd6 exd4 28.Qxd4+ f6 29.fxg3 Qe1+
30.Kh2 Bxg2 31.Kxg2 Qe2+ 32.Qf2 Qe5 33.Qd2 Nc6 34.Ba2 Kf8 35.Bb1 Nd4 36.Ne4 a5
37.g4 Ke7 38.Ng3 Ne6 39.Be4 Nf4+ 40.Kf3 Nxh3 41.Nf5+ Ke6 42.Qc1 Qf4+ 43.Qxf4 Nxf4
44.Nxh6 Ke5 45.Ke3 Kd6 46.Kd4 Ne6+ 47.Kc4 Nc7 48.Nf5+ Ke5 49.Bd3 Kf4 50.Be2 Ke5
51.Nd4 Ke4 52.Bd3+ Ke5 53.Bf5 Ne8 54.Nc6+ Kd6 55.Kb5 Kc7 56.Ne7 Nd6+ 57.Ka6 Nc4
58.b3 Ne3 59.Kb5 Kd6 60.Nc8+ Ke5 61.Bd7 f5 62.gxf5 g4 63.f6 Kxf6 64.Nxb6 g3
65.Bc6 Nc2 66.Kc4 Ke6 67.Be4 Ke5 68.Bb7 Kd6 69.Bf3 Ne1 70.Bh1 Nc2 71.Kc3 Ne1
72.Nc4+ Kc5 73.Ne3  1-0

[Event "2nd Kirov Memorial Open"]
[Site "Blagoevgrad BUL"]
[Date "2010.01.17"]
[Round "9"]
[White "Vasilev,M"]
[Black "Georgiev,Ki"]
[Result "0-1"]
[WhiteElo "2466"]
[BlackElo "2672"]

1.d4 Nf6 2.Nf3 c5 3.c3 e6 4.Bf4 Nc6 5.e3 Be7 6.Nbd2 Nh5 7.dxc5 Nxf4 8.exf4 Qc7
9.Ne4 Qxf4 10.Nd6+ Bxd6 11.Qxd6 Qxd6 12.cxd6 b6 13.Bd3 Bb7 14.Ke2 f6 15.a4 g5
16.h3 Kf7 17.b4 h5 18.a5 g4 19.hxg4 hxg4 20.Nd2 bxa5 21.Rxh8 Rxh8 22.b5 Ne5
23.g3 Rc8 24.c4 a6 25.Rxa5 axb5 26.cxb5 f5 27.b6 Kf6 28.Ra7 Rb8 29.Ke3 Bc6
30.Ra5 Nxd3 31.Kxd3 Rxb6 32.Kd4 Bd5 33.Ra7 Rxd6 34.Ke3 Ke7 35.Kf4 Rc6 36.Ke3 Rc1  0-1

[Event "1st Open"]
[Site "Marrakesh MAR"]
[Date "2010.06.27"]
[Round "3"]
[White "Georgiev,Ki"]
[Black "Strikovic,A"]
[Result "1-0"]
[WhiteElo "2662"]
[BlackElo "2557"]

1.d4 d6 2.Nf3 Nf6 3.c4 g6 4.Nc3 Bg7 5.e4 O-O 6.Be2 c5 7.O-O cxd4 8.Nxd4 Nc6
9.Be3 Bd7 10.Nc2 a5 11.Qd2 a4 12.f3 Qa5 13.Rfd1 Rfc8 14.Na3 Be6 15.Nd5 Bxd5
16.Qxa5 Nxa5 17.cxd5 Nd7 18.Rab1 Nc5 19.Bb5 Kf8 20.Kf1 b6 21.Rd2 h5 22.g3 Bf6
23.h4 Kg7 24.Ke2 Ra7 25.Rc1 Rb8 26.Rcc2 Kf8 27.Bd4 Kg7 28.Ke3 Bxd4+ 29.Rxd4 Nab7
30.Rb4 Kf6 31.f4 Kg7 32.Bd7 Na5 33.Bb5 Nab7 34.Nc4 Na5 35.Nd2 a3 36.bxa3 e6
37.dxe6 fxe6 38.Rd4 Rd8 39.a4 Kf7 40.Nf3 Ke7 41.Rcd2 Raa8 42.Rb2 Rac8 43.Rdb4 Rc7
44.Rd2 Rcc8 45.Ng5 d5 46.Rbd4 dxe4 47.Rxd8 Rxd8 48.Rxd8 Kxd8 49.Nxe4 Ke7
50.Kd4 Ncb7 51.Kc3 Nd6 52.Nxd6 Kxd6 53.Be8  1-0